00554nam a2200169 a 450000500170000000800410001702000150005805000250007310000210009824500140011926000610013330000070019444000330020165000130023499900190024795201180026620140414132135.0140221s19uu xx 00 eng d a9781426525 aREF 599.53bSt3 2010 aStewart, Melissa aDolphins. aWashington, D.C :bNational Geographic for Kids,cc2010. a30 aNational Geographic for Kids aDolphins c115302d115302 00104050aMUbMUcREFd2014-02-21eBkRewardl0oREF 599.53 St3 2010pM7324r2014-04-14 00:00:00w2014-04-14yBK